Normal view
MARC view
- Lane, Leigh Blackmon.
Entry Personal Name
001 - CONTROL NUMBER
- control field: 23091
003 - CONTROL NUMBER IDENTIFIER
- control field: NUST
005 - DATE AND TIME OF LATEST TRANSACTION
- control field: 20191008112802.0
008 - FIXED-LENGTH DATA ELEMENTS
- fixed length control field: 191008|| aca||aabn | a|a d
040 ## - CATALOGING SOURCE
- Original cataloging agency: NUST
- Transcribing agency: NUST
100 ## - HEADING--PERSONAL NAME
- Personal name: Lane, Leigh Blackmon.
670 ## - SOURCE DATA FOUND
- Source citation: Work cat.: (NUST)0: Lane, Leigh Blackmon., Multi-disciplinary teams in context-sensitive solutions /, 2007.
